LEADER 01179nam a2200301 u 4500 001 000000061491 003 CaOOAMICUS 005 20070226121029.0 008 010907s1996 it u000 u ita u 035 $a10901864 040 $aPUL$bita 041 1 $aita$hfre 100 1 $aGuéranger, Prosper,$cO.S.B.,$d1805-1875.$0(OLS)http://pul/name/7676 240 10$aDons du Saint-Esprit.$lItaliano.$0(OLS)http://pul/title/82103 245 12$aI doni dello Spirito Santo /$cdom Prosper Guéranger. 250 $a2. ed. 260 $aBrescia :$bQueriniana,$cc1998. 300 $a144 p. ;$c19 cm 490 1 $aMeditazioni ;$v120 650 4$aSpiritus Sanctus.$0(OLS)http://pul/subject/903 830 0$aMeditazioni (Queriniana) ;$v120.$0(OLS)http://pul/title/45180 850 $aPUL 852 $aPUL$W1$xDP2 Religione 3$y114$m231. 3 GUEPR 1$j176135$nBK-PRI$b $qDDC 21$B80111$CPULBib$Z2$F80111 $H85177 $81 941 1 $a9 960 $aSpirito Santo$9903 961 $aPrecedent ecollocazione: Teo 135a 120 996 $6245$aI doni dello Spirito Santo$9(OLS)http://pul/title/74190 996 $6260$aBrescia :$bQueriniana$9(OLS)http://pul/publisher/47906 LEADER 02243nam a2200325 u 4500 001 000000107614 003 CaOOAMICUS 005 20091214164758.0 008 071015m20072009it u000 u ita u 020 $z978-88-13-27416-0* 020 $z978-88-13-27417-7* 020 $z978-88-13-29879-1 (V. 3)* 040 $aPUL$bita$dLDB$dReb 100 1 $aBriguglio, Antonio.$0(OLS)http://pul/name/66037 245 10$aCommentario alle riforme del processo civile /$cAntonio Briguglio ... [et al.] ; a cura di Antonio Briguglio e Bruno Capponi. 260 $aPadova :$bCEDAM,$c©2007-2009. 300 $av. <1-3> ;$c24 cm. 505 1 $av. 1. Comunicazioni e notificazioni - Processo di cognizione - Procedimenti speciali - Separazione e divorzio - Rito speciale in materia di infortunistica stradale. -- v. 2 Processo di esecuzione (D.L. 14 marzo 2005, n. 35 convertito con modificazioni nella L. 14 maggio 2005, n. 80, L. 28 dicembre 2005, n. 263, L. 24 febbraio 2006, n. 52). -- v. 3. Tomo secondo: Arbitrato. Entrata in vigore delle nuove discipline sul Giudizio di cassazione e sull'Arbitrato (L. 14 maggio 2005, n. 80 D. Lgs 2 febbraio 2006, n. 40 L. 18 giugno 2009, n. 69). 650 4$aProcesso civile$xRiforma.$0(OLS)http://pul/subject/35767 700 1 $aCapponi, Bruno.$0(OLS)http://pul/name/66038 850 $aPUL 852 $aPUL$W1$xSL Diritto e Scienze Sociali 3$y79$m347. 45070 BRIAN 1,1$j122331$av. 1$qDDC 21$B121310$CPULBib$Z2$F121310 $H104941 $82 852 $aPUL$W1$xSL Diritto e Scienze Sociali 3$y79$m347 45070 BRIAN 1.2$j126449$av. 2$qDDC 21$B125173$CPULBib$Z2$F125173 $H105878 $82 852 $aPUL$W1$xSL Diritto e Scienze Sociali 3$y79$m347. 45070 BRIAN 1.3,2$j136298$av. 3. Tomo secondo.$qDDC 21$B135263$CPULBib$Z2$F135263 $H111657 $82 941 1 $a9 996 $6020$z978-88-13-27416-0*$9(OLS)http://pul/number/135914 996 $6020$z978-88-13-27417-7*$9(OLS)http://pul/number/137409 996 $6020$z978-88-13-29879-1 (V. 3)*$9(OLS)http://pul/number/142795 996 $6245$aCommentario alle riforme del processo civile$9(OLS)http://pul/title/135501 996 $6260$aPadova :$bCEDAM$9(OLS)http://pul/publisher/48126